000 00333cam a22001097a 4500
008 180718b1983 xxu||||| |||| 00| 0 eng d
082 _aT19x54 Sr32
100 _aSri Krishna, S.
245 _aPrime minister shrimati indira gandhi- : a study of her 20-point progrmme
_cby S. Sri Krishna
260 _aTirupati
_b
_c1983
300 _a383p.
999 _c436947
_d436947